College Football Highest Winning Percentage (2000-2020) - Statistics

General Stats
  • This quiz has been taken 91 times
  • The average score is 8 of 10
Answer Stats
Answer Wins Losses Win % Conference % Correct
Alabama 182 63 .743 SEC
99%
Ohio State 207 43 .828 Big Ten
96%
Georgia 198 67 .747 SEC
91%
Clemson 196 70 .737 ACC
88%
Oregon 188 66 .740 Pac-12
88%
Oklahoma 219 49 .817 Big 12
86%
LSU 202 61 .768 SEC
81%
Boise State 219 43 .836 Mountain West
79%
Wisconsin 188 79 .704 Big Ten
75%
TCU 182 71 .719 Big 12
65%
No matching quizzes found
Score Distribution
Percent of People with Each Score
Percentile by Number Answered
Your Score History
You have not taken this quiz